Music Quiz

Random Music or Song Quiz

One Word Hits That Start With F Quiz Stats

Quiz Updated Feb 20, 2015

Also try: Movie #1 Hit Songs
Challenge
Share
Tweet
Embed
Score 0/20 Timer 04:00
2 Plays Today
Artist Song % Correct
Katy PerryFirework
73.2%
Owl CityFireflies
59.1%
George MichaelFaith
58%
David BowieFame
52.5%
Alicia KeysFallin'
44.9%
Kenny LogginsFootloose
43.6%
ABBAFernando
39.5%
Lipps, Inc.Funkytown
36.9%
Wham!Freedom
36%
Sugar Ray Featuring Super CatFly
36%
Artist Song % Correct
Chris BrownForever
33.2%
Fergie Featuring will.i.amFergalicious
32.6%
The Edgar Winter GroupFrankenstein
25.7%
Mariah CareyFantasy
21.4%
Taylor SwiftFearless
21%
Peggy LeeFever
18.9%
Ce Ce PenistonFinally
18.1%
MadonnaFrozen
17.6%
Morris AlbertFeelings
13.8%
AshantiFoolish
13.7%

You're not logged in!

Compare scores with friends on all Sporcle quizzes.
Sign Up with Email
OR
Log In

You Might Also Like...

Show Comments

Extras

Top Quizzes Today


Score Distribution

Your Account Isn't Verified!

In order to create a playlist on Sporcle, you need to verify the email address you used during registration. Go to your Sporcle Settings to finish the process.